Structured system programming /
"Briefly describes the language Pascal Plus, and then shows how it may be used successfully in the structuring of two systems programs, a compiler and an operating system."--Foreword.
Guardado en:
| Autor Principal: | |
|---|---|
| Otros Autores: | |
| Formato: | Libro |
| Idioma: | English |
| Publicado: |
Englewood Cliffs, N.J. :
Prentice/Hall International,
c1980.
|
| Series: | Prentice-Hall International series in computer science
|
| Materias: | |
| Etiquetas: |
Agregar Etiqueta
Sin Etiquetas, Sea el primero en etiquetar este registro!
|
| LEADER | 00918cam a2200229 a 4500 | ||
|---|---|---|---|
| 001 | MAT.inmabb002684 | ||
| 008 | 790502s1980####nju######b####001#0#eng## | ||
| 005 | 20130328153036.0 | ||
| 245 | 1 | 0 | |a Structured system programming / |c by Jim Welsh and Michael McKeag. |
| 260 | |a Englewood Cliffs, N.J. : |b Prentice/Hall International, |c c1980. | ||
| 300 | |a xii, 324 p. ; |c 24 cm. | ||
| 440 | 0 | |a Prentice-Hall International series in computer science | |
| 504 | |a Bibliografía: p. 317. | ||
| 520 | 8 | |a "Briefly describes the language Pascal Plus, and then shows how it may be used successfully in the structuring of two systems programs, a compiler and an operating system."--Foreword. | |
| 020 | |a 0138545626 | ||
| 100 | 1 | |a Welsh, Jim, |d 1943- | |
| 700 | 1 | |a McKeag, R. M. | |
| 650 | 0 | |a Structured programming. | |
| 084 | |a 68Nxx |2 msc2000 | ||
| 010 | |a 79013895 | ||
| 040 | |a DLC |c DLC |d DLC | ||
| 859 | |h 68 |i W461 |p A-5123 |b BIB. MATEMATICA | ||
